| 000 | 00683nam a2200217 a 4500 | ||
|---|---|---|---|
| 005 | 20240706063652.0 | ||
| 008 | 041026s1993 es r 000 0 spa d | ||
| 020 | _a847869126X | ||
| 035 | _aUPN01000135997 | ||
| 049 | _aCG | ||
| 050 | 4 |
_aLC4015 _bD4.6 |
|
| 100 | 1 |
_aDecroly, Ovide, _d1871-1932 |
|
| 245 | 1 | 3 |
_aEl niño anormal : _bestudios pedagógicos y psicológicos / _cOvidio Decroly ; introd. crítica Alfredo Fierro Bardají. |
| 260 |
_aMadrid : _bCEPE, _c1993. |
||
| 300 | _a244 p. | ||
| 440 | 0 |
_aClásicos CEPE ; _v7 |
|
| 650 | 4 |
_aNiños con discapacidad _xEducación _91549 |
|
| 650 | 4 |
_aNiños _xCrecimiento _915181 |
|
| 650 | 4 |
_aPsicopedagogía _95085 |
|
| 905 | _aLibro | ||
| 999 |
_c108148 _d108148 |
||